000 00802aam a2200289 i 4500
001 768714001
003 CO-MdFUSB
005 20250901144029.0
007 ta
008 250901t1946 -us |||| |||| 00| 0 eng d
040 _cCO-MdFUSB
041 0 _aeng
082 0 4 _223
_a249.8
_bC8759p
245 1 0 _aMountain trailways for youth
_c/ compilado por Chas E. Cowman
264 1 _bOMS International,
_aLos Angeles, CA., USA :
_c[1946]
264 4 _c©1946
300 _a314 páginas
336 _atexto
_btxt
_2rdacontent
337 _2rdamedia
_asin mediación
_bn
338 _2rdacarrier
_avolumen
_bnc
563 _aPasta dura
653 _aDevocionales para jóvenes
700 _aCowman, Charles E.,
_910698
_ecompilador
942 _cBK
945 _aJTF-925
999 _c36250
_d36250